More Clickable Conspiracies Quiz Stats

Quiz Updated Aug 29, 2016

Challenge
Share
Tweet
Embed
Score 0/18 Timer 06:00
3 Plays Today
% Correct
is not the son of Prince Charles, but of James Hewitt.
91.9%
are made up by 'Them' to distract us from the real issues.
91.4%
is not actually blind.
91.2%
to control our food supply.
91.2%
never existed, but was invented by Plato.
89.7%
was murdered by the Kennedy family.
89%
awakening an Egyptian God.
88.6%
will be killed off to establish a sustainable population.
88%
be monitored by secret microchips.
87.5%
% Correct
is hollow.
86.4%
have miniature cameras built in to spy on people.
85.2%
has an atmosphere, lakes and vegetation.
84.4%
assassinated dozens of his rivals whilst in office.
80%
holds auditions for his lovers.
79.1%
is the Mark of the Beast and signals the coming apocalypse.
78.2%
knew that Pearl Harbor was planned, and let it happen.
75.6%
is immortal.
71.4%
has been spotted on Mars.
64.1%

You're not logged in!

Compare scores with friends on all Sporcle quizzes.
Join for Free
OR
Log In

You Might Also Like...

Show Comments

Extras

Top Quizzes Today


Score Distribution

Your Account Isn't Verified!

In order to create a playlist on Sporcle, you need to verify the email address you used during registration. Go to your Sporcle Settings to finish the process.

Report this User

Report this user for behavior that violates our Community Guidelines.

Details: